[Event "Ch Spain (team) (selecciones Autonomicas)"]
[Site "masterchessopen.com - Villava (Spain)"]
[Date "2009.05.01"]
[Round "3"]
[White "Oms Pallise Josep (AND)"]
[Black "Burguete Archel Eduardo (ESP)"]
[Result "1-0"]
[WhiteElo "2495"]
[BlackElo "2220"]

1.d4 e6 2.c4 c5 3.d5 exd5 4.cxd5 d6 5.Nc3 g6 6.e4 Bg7 7.Be2 Nf6 8.Nf3 O-O
9.Nd2 Re8 10.O-O a6 11.a4 Nbd7 12.Qc2 Nh5 13.Bxh5 gxh5 14.Nd1 Nf6 15.Ne3 Qe7
16.f3 Bd7 17.Ndc4 b5 18.Nb6 Rab8 19.Nxd7 Qxd7 20.axb5 axb5 21.Nf5 Bh8 22.Qf2
Re5 23.Bh6 Rxf5 24.Qg3+ Ng4 25.exf5 Be5 26.Bf4 Bxf4 27.Qxf4 Ne5 28.Qg5+ Kh8
29.f6 Rg8 30.Ra8 {#r} 1-0

[Event "Ch Greece (team)"]
[Site "masterchessopen.com - Kallithea (Greece)"]
[Date "2009.07.05"]
[Round "4"]
[White "Tregubov Pavel V (RUS)"]
[Black "Papaioannou Ioannis (GRE)"]
[Result "0-1"]
[WhiteElo "2652"]
[BlackElo "2624"]

1.d4 Nf6 2.Nf3 e6 3.c4 c5 4.d5 d6 5.Nc3 exd5 6.cxd5 g6 7.Nd2 Bg7 8.e4 O-O
9.Be2 Re8 10.O-O Nbd7 11.f4 c4 12.Kh1 Nb6 13.a4 a5 14.Ra3 Bd7 15.Bf3 h5 16.h3
Ng4 17.Nb5 Bxb5 18.axb5 c3 19.bxc3 Ne3 20.Qe2 Nxf1 21.Qxf1 Qh4 22.Be2 Qe7
23.Bd3 Nd7 24.c4 Nc5 25.Bc2 a4 26.Rf3 Nb3 27.Nxb3 axb3 28.Rxb3 Ra1 29.Bb1 Rc8
30.e5 Qc7 31.Bb2 Qxc4 32.Rf3 Qxf1+ 33.Rxf1 Ra4 34.f5 gxf5 35.Bxf5 Rd8 36.Rc1
Bxe5 37.Bxe5 dxe5 38.Bc8 b6 39.Bb7 Kg7 40.Re1 e4 41.Rf1 e3 42.Bc6 h4 43.Re1
Ra3 44.g4 hxg3 45.Kg2 Kf6 46.Kxg3 Ke5 47.Kf3 f5 48.h4 Rg8 49.d6 f4 50.d7 Ra2
{#R} 0-1

[Event "It (open)"]
[Site "masterchessopen.com - Malaga (Spain)"]
[Date "2009.07.17"]
[Round "8"]
[White "Tratar Marko (SLO)"]
[Black "Eyo Castro-Rial Alberto (ESP)"]
[Result "1-0"]
[WhiteElo "2494"]
[BlackElo "2196"]

1.d4 e6 2.c4 Nf6 3.Nc3 c5 4.d5 exd5 5.cxd5 g6 6.e4 d6 7.Nf3 Bg7 8.Nd2 O-O
9.Be2 Re8 10.O-O b6 11.Re1 Ba6 12.Bxa6 Nxa6 13.Nc4 Nc7 14.a4 Qd7 15.Bf4 Bf8
16.h3 Rad8 17.Qf3 Nh5 18.Bh2 b5 19.axb5 Nxb5 20.Nxb5 Qxb5 21.b3 Rd7 22.g4 Ng7
23.Ra5 Qb4 24.Rea1 f5 25.Rxa7 fxe4 26.Qe3 Rb7 27.Bxd6 Qxb3 28.Qxb3 Rxb3
29.Bxf8 Rxf8 30.Re7 Rbf3 31.Raa7 R3f7 32.d6 Rxe7 33.dxe7 Rf6 34.Ra8+ Kf7
35.Ne5+ Kxe7 36.Ra7+ Ke6 37.Nd7 c4 38.Nxf6 Kxf6 39.g5+ {#r} 1-0

[Event "It (young masters)"]
[Site "masterchessopen.com - Enschede (Netherlands)"]
[Date "2009.08.08"]
[Round "9"]
[White "Rademakers Evert (NED)"]
[Black "Melia Salome (GEO)"]
[Result "0-1"]
[WhiteElo "2154"]
[BlackElo "2441"]

1.d4 Nf6 2.Nf3 e6 3.c4 c5 4.d5 exd5 5.cxd5 d6 6.Nc3 g6 7.e4 Bg7 8.Be2 O-O
9.O-O Re8 10.Nd2 a6 11.a4 h5 12.Qc2 Nbd7 13.Nc4 Nb6 14.Na3 Qe7 15.a5 Nbd7
16.f3 b5 17.axb6 Nxb6 18.Nc4 Nxc4 19.Bxc4 Nd7 20.Be3 f5 21.Rae1 Ne5 22.Ba2
fxe4 23.Nxe4 Bf5 24.Bd2 Qc7 25.Bc3 c4 26.Re2 Rac8 27.Qd2 Rb8 28.Bb1 Rf8 29.Ng5
Bxb1 30.Rxb1 Nd3 31.Kh1 Bxc3 32.Qxc3 Rf5 33.Ne6 Qa7 34.Qxc4 Ne5 35.Nd4 {#R}
0-1

[Event "Memorial E.Geller (open)"]
[Site "masterchessopen.com - Odessa (Ukraine)"]
[Date "2009.08.23"]
[Round "4"]
[White "Grigoryev Jury (UKR)"]
[Black "Budnikov Oleg (UKR)"]
[Result "0-1"]
[WhiteElo "1838"]
[BlackElo "2411"]

1.d4 Nf6 2.c4 e6 3.Nf3 c5 4.d5 exd5 5.cxd5 d6 6.Nc3 g6 7.e4 Bg7 8.Be2 O-O
9.O-O Re8 10.Nd2 a6 11.a4 Nbd7 12.a5 b5 13.axb6 Nxb6 14.f3 Nfd7 15.Na4 Ne5
16.Nxb6 Qxb6 17.Qb3 Qc7 18.Nc4 Nxc4 19.Bxc4 f5 20.Qc2 fxe4 21.fxe4 Qe7 22.Be3
Rb8 23.Ra2 Bd7 24.Bf4 Bb5 25.Bxb5 axb5 26.Re1 Bd4+ 27.Kh1 Rf8 28.Bg3 Rbe8
29.Raa1 Qf6 30.Rab1 c4 31.Qe2 Qg5 32.Rbd1 Be5 33.Bxe5 Qxe5 34.Qd2 Rf4 35.Rf1
Rxf1+ 36.Rxf1 Qxe4 37.Kg1 Qe3+ 38.Qxe3 Rxe3 39.Rf6 Rb3 40.Rxd6 Rxb2 41.Rc6 Kf7
42.Rc7+ Kf6 43.h4 Ke5 {#R} 0-1

[Event "Tournament (Elo)"]
[Site "masterchessopen.com - Saratov (Russia)"]
[Date "2009.10.18"]
[Round "12"]
[White "Isaev Alexander (RUS)"]
[Black "Eramian Gamlet (RUS)"]
[Result "0-1"]
[WhiteElo "2365"]
[BlackElo "1969"]

1.d4 g6 2.c4 Bg7 3.Nc3 c5 4.d5 e6 5.e4 exd5 6.cxd5 d6 7.Be2 Nf6 8.Nf3 O-O
9.O-O Re8 10.Nd2 a6 11.a4 a5 12.f4 b6 13.Bb5 Bd7 14.Re1 Ng4 15.Nf3 Bxb5
16.Nxb5 Na6 17.Ra3 Nb4 18.e5 dxe5 19.d6 e4 20.Nc7 exf3 21.Rxe8+ Qxe8 22.Nxe8
Bd4+ 23.Be3 Bxe3+ 24.Rxe3 f2+ {#R} 0-1

[Event "It (open)"]
[Site "masterchessopen.com - Chamalieres (France)"]
[Date "2009.10.29"]
[Round "8"]
[White "Thet Sylvain (FRA)"]
[Black "Etchegaray Patrice (FRA)"]
[Result "0-1"]
[WhiteElo "2031"]
[BlackElo "2380"]

1.d4 Nf6 2.c4 g6 3.Nc3 Bg7 4.e4 d6 5.Nf3 O-O 6.Be2 c5 7.d5 e6 8.O-O exd5
9.cxd5 Re8 10.Nd2 Nbd7 11.Qc2 a6 12.a4 Nh5 13.Bxh5 gxh5 14.Qd1 Ne5 15.Qe2 Qh4
16.f3 Bd7 17.a5 f5 18.Kh1 Rac8 19.f4 Ng4 20.Nf3 Qf6 21.h3 fxe4 22.Ng5 Nh6
23.Ngxe4 Qg6 24.Qf3 h4 25.Ng5 Nf5 26.Kh2 Ng3 27.Rd1 Nf5 28.Qd3 h6 29.Ne6 Bxe6
30.dxe6 Rxe6 31.Qd5 Re8 32.Bd2 Re7 33.Re1 Kh7 34.Ne4 Nd4 35.f5 Qxf5 36.Qxf5+
Nxf5 {#R} 0-1

[Event "Czech League 2009/10 (2nd) (f)"]
[Site "masterchessopen.com - Czech Republic"]
[Date "2009.11.22"]
[Round "3"]
[White "Pilch Roman"]
[Black "Weissmann Lukas (CZE)"]
[Result "0-1"]
[WhiteElo "2170"]
[BlackElo "2138"]

1.d4 Nf6 2.c4 g6 3.Nc3 Bg7 4.e4 d6 5.Nf3 O-O 6.Be2 c5 7.d5 e6 8.Nd2 exd5
9.cxd5 Re8 10.O-O a6 11.a4 Nbd7 12.Re1 Qc7 13.Bf1 Nh5 14.Nc4 Ne5 15.Ne3 c4
16.g3 Qc5 17.Kh1 f5 18.exf5 Nd3 19.Bxd3 cxd3 20.fxg6 hxg6 21.Qxd3 Bf5 22.Qf1
Bxc3 23.bxc3 Qxc3 24.Ba3 Bd3 25.Qh3 Be4+ 26.Kg1 Qf6 27.f4 Bxd5 28.Rab1 Qc3
29.Bb2 Qc5 30.g4 Rxe3 31.Rxe3 Bg2 32.Qxg2 Qxe3+ 33.Kh1 Nxf4 34.Qxb7 Ra7 35.Qc6
d5 36.Qc8+ Kf7 37.Qc3 Qe4+ 38.Kg1 Qg2# 0-1

[Event "Tournament (Elo)"]
[Site "masterchessopen.com - Rio de Janeiro (Brazil)"]
[Date "2009.11.28"]
[Round "3"]
[White "Maia Marco Aurelio Ferreira (BRA)"]
[Black "Rios Filho Hilton Carlos (BRA)"]
[Result "0-1"]
[WhiteElo "2136"]
[BlackElo "2214"]

1.d4 Nf6 2.c4 e6 3.Nc3 c5 4.d5 exd5 5.cxd5 d6 6.e4 g6 7.Nf3 Bg7 8.Be2 O-O
9.O-O Re8 10.Nd2 a6 11.a4 Nbd7 12.Qc2 Ne5 13.Nc4 Rb8 14.Bd2 b5 15.Nxe5 Rxe5
16.axb5 axb5 17.Bf4 Re7 18.Bxb5 Reb7 19.Ba6 Rxb2 20.Qd3 R8b3 21.Bd2 Nxe4
22.Qxe4 Rxd2 23.Bxc8 Qxc8 24.Qf4 Bxc3 25.Ra7 Qf5 26.Qh4 Rxf2 {#R} 0-1

[Event "Ch Region (w)"]
[Site "masterchessopen.com - Irkutsk (Russia)"]
[Date "2009.12.30"]
[Round "9"]
[White "Amosova Dariya (RUS)"]
[Black "Kochukova Galina (RUS)"]
[Result "1-0"]
[WhiteElo "1585"]
[BlackElo "1698"]

1.d4 c5 2.d5 d6 3.c4 Nf6 4.Nc3 g6 5.Nf3 Bg7 6.e4 O-O 7.Be2 e6 8.O-O exd5
9.cxd5 Re8 10.Nd2 a6 11.a4 b6 12.f3 Nbd7 13.Nc4 Ne5 14.Bd2 Nxc4 15.Bxc4 Nd7
16.Rb1 Be5 17.Be1 Bg7 18.b4 Qg5 19.Ne2 Qe7 20.bxc5 bxc5 21.Bc3 Ne5 22.Ba2 Bd7
23.h3 f5 24.Bxe5 Bxe5 25.f4 Bg7 26.e5 Kh8 27.e6 Bc8 28.Rf3 a5 29.Rfb3 Ba6
30.Rb6 Red8 31.Kh2 Bxe2 32.Qxe2 g5 33.Rb7 Qf6 34.Rf7 Qh6 35.Rxf5 gxf4 36.Bc4
Be5 37.Rxe5 dxe5 38.Qxe5+ Kg8 39.e7 Re8 40.d6+ {#r} 1-0

[Event "Ch Australia"]
[Site "masterchessopen.com - Sydney (Australia)"]
[Date "2010.01.08"]
[Round "6"]
[White "Feldman Vladimir (AUS)"]
[Black "Nakauchi Gene (AUS)"]
[Result "1-0"]
[WhiteElo "2262"]
[BlackElo "2125"]

1.d4 Nf6 2.c4 c5 3.d5 e6 4.Nc3 exd5 5.cxd5 d6 6.Nf3 g6 7.Nd2 Bg7 8.e4 O-O
9.Be2 Re8 10.O-O a6 11.a4 Nbd7 12.Re1 h6 13.h3 Qc7 14.Qc2 Rb8 15.Ra3 g5 16.a5
Ne5 17.Nd1 Bd7 18.Ne3 Ng6 19.Bf1 Bb5 20.g3 Bxf1 21.Rxf1 Rbc8 22.Nf5 Ne7
23.Nxg7 Kxg7 24.Nc4 Ng6 25.Re3 Qd7 26.Kg2 g4 27.hxg4 Qxg4 28.f4 Nh5 29.Kh2
Rcd8 30.b3 Kg8 31.Bb2 f5 {#r} 1-0

[Event "It (open)"]
[Site "masterchessopen.com - Sevilla (Spain)"]
[Date "2010.01.11"]
[Round "4"]
[White "Munoz Martin Pablo (ESP)"]
[Black "Hamdouchi Hichem (FRA)"]
[Result "0-1"]
[WhiteElo "2245"]
[BlackElo "2592"]

1.d4 g6 2.Nf3 Bg7 3.c4 c5 4.d5 Nf6 5.Nc3 e6 6.e4 exd5 7.cxd5 d6 8.Be2 O-O
9.O-O Re8 10.Nd2 Nbd7 11.h3 g5 12.Nc4 Nxe4 13.Nxe4 Rxe4 14.Bd3 Rh4 15.Nxd6 Ne5
16.Nf5 Bxf5 17.Bxf5 Qf6 18.Qc2 Rc4 19.Bxh7+ Kh8 20.Qf5 Qh6 21.f4 gxf4 22.Bxf4
Rxf4 23.Rxf4 Qxh7 24.Qg5 Ng6 25.Rf5 Rg8 26.Kh1 Bxb2 27.Raf1 Nh4 28.Qd2 Nxf5
29.Qxb2+ Nd4 30.Qxb7 Qe4 {#R} 0-1

[Event "It (open)"]
[Site "masterchessopen.com - Prague (Czech Republic)"]
[Date "2010.01.13"]
[Round "7"]
[White "Zakhartsov Viacheslav V (RUS)"]
[Black "Kanovsky David (CZE)"]
[Result "1-0"]
[WhiteElo "2610"]
[BlackElo "2497"]

1.d4 Nf6 2.c4 c5 3.d5 e6 4.Nc3 exd5 5.cxd5 d6 6.Nf3 g6 7.Nd2 Bg7 8.e4 O-O
9.Be2 Re8 10.O-O Nbd7 11.a4 Ne5 12.Qc2 Bd7 13.Ra3 g5 14.Re1 g4 15.Nf1 Nh5
16.Nd1 Qf6 17.Bb5 Bxb5 18.axb5 a6 19.bxa6 Rxa6 20.Rxa6 bxa6 21.Ng3 Nxg3
22.hxg3 c4 23.Re2 Nd3 24.Qxc4 Qd4 25.Qxd4 Bxd4 26.Bf4 Nxf4 27.gxf4 f5 28.Kh2
Rxe4 29.Rxe4 fxe4 30.Kg3 h5 31.Kh4 Kf7 32.Kxh5 g3 33.fxg3 e3 34.Nxe3 Bxe3
35.Kg5 a5 36.b3 Bd4 37.Kf5 Be3 38.g4 Bd2 39.g5 Kg7 40.Kg4 Kf7 41.f5 Kg7 42.Kh5
Bc1 43.g4 Bd2 44.g6 Kf6 45.g5+ Kg7 46.f6+ Kg8 47.Kh6 {#r} 1-0

[Event "It (open)"]
[Site "masterchessopen.com - Prague (Czech Republic)"]
[Date "2010.01.15"]
[Round "9"]
[White "Juptner Jan (CZE)"]
[Black "Kosmo Santul (FIN)"]
[Result "1-0"]
[WhiteElo "2312"]
[BlackElo "2213"]

1.d4 Nf6 2.c4 c5 3.d5 e6 4.Nc3 exd5 5.cxd5 d6 6.Nf3 g6 7.Nd2 Bg7 8.e4 O-O
9.Be2 Re8 10.O-O Nbd7 11.a4 Ne5 12.Qc2 g5 13.Re1 h6 14.Nf1 Ng6 15.Ng3 Nf4
16.Bb5 Re7 17.Bd2 a6 18.Bf1 Re8 19.a5 b5 20.axb6 Qxb6 21.Nd1 Rb8 22.Ba5 Qb3
23.Qxb3 Rxb3 24.Bc4 Rb8 25.Bc3 Rb6 26.Ne3 Nxe4 27.Nef5 Bxc3 28.bxc3 Nf6
29.Rxe8+ Nxe8 30.Ne7+ {#r} 1-0

[Event "Extraliga 2009/10"]
[Site "masterchessopen.com - Slovakia"]
[Date "2010.03.13"]
[Round "10"]
[White "Dydyshko Viacheslav (BLR)"]
[Black "Kanovsky David (CZE)"]
[Result "0-1"]
[WhiteElo "2547"]
[BlackElo "2497"]

1.d4 Nf6 2.c4 c5 3.d5 e6 4.Nc3 exd5 5.cxd5 d6 6.Nf3 g6 7.Nd2 Bg7 8.e4 O-O
9.Be2 Re8 10.O-O Nbd7 11.a4 Ne5 12.Rb1 Bd7 13.h3 g5 14.Nf3 Nxf3+ 15.Bxf3 h6
16.b4 Rc8 17.Bd2 b6 18.Re1 Qe7 19.Re3 cxb4 20.Rxb4 Rc5 21.Be2 Rec8 22.Ba6 R8c7
23.Bb5 Ng4 24.hxg4 Bxc3 25.Bxc3 Rxc3 26.Rxc3 Rxc3 27.Bxd7 Qxd7 28.Kh2 Qc7
29.Rb3 Qc4 30.Rxc3 Qxc3 31.Qe2 a5 32.g3 Kg7 33.f4 Qd4 34.fxg5 hxg5 35.Qc2 Kf6
36.Kg2 Ke5 37.Kf3 Qa1 38.Ke3 Qg1+ 39.Kf3 Qh1+ 40.Ke3 Qg1+ 41.Kf3 Qd4 {#R} 0-1

[Event "Czech League 2009/10 (2nd) (c)"]
[Site "masterchessopen.com - Czech Republic"]
[Date "2010.03.28"]
[Round "10"]
[White "Vacek Radomir (CZE)"]
[Black "Novak Ludek (CZE)"]
[Result "1-0"]
[WhiteElo "2109"]
[BlackElo "1955"]

1.d4 g6 2.c4 Bg7 3.Nf3 c5 4.d5 d6 5.e4 Nf6 6.Nc3 O-O 7.Be2 e6 8.O-O exd5
9.cxd5 Re8 10.Nd2 a6 11.a4 b6 12.f4 Bb7 13.Bf3 b5 14.axb5 axb5 15.Rxa8 Bxa8
16.Nxb5 Qb6 17.Qa4 Bb7 18.Nc4 Qa6 19.Qxa6 Bxa6 20.Nbxd6 Bxc4 21.Nxc4 Nxe4
22.Be3 Nd6 23.Nxd6 Rxe3 24.Nc4 Re8 25.Ra1 Nd7 26.Ra7 Rd8 27.Kf1 Nf6 28.d6 Bf8
29.Ra8 Rxa8 30.Bxa8 Bh6 31.g3 Kf8 32.Ke2 g5 33.f5 g4 34.Ne5 Bc1 35.Nd3 Bg5
36.Nxc5 Ke8 37.Bc6+ Kd8 38.b4 Ne8 39.Nb7+ {#r} 1-0

[Event "It (open)"]
[Site "masterchessopen.com - Triesen (Liechtenstein)"]
[Date "2010.05.09"]
[Round "3"]
[White "Horvath Peter_ (HUN)"]
[Black "Huber Silvan (SUI)"]
[Result "1-0"]
[WhiteElo "2452"]
[BlackElo "2000"]

1.d4 Nf6 2.c4 c5 3.d5 e6 4.Nc3 exd5 5.cxd5 d6 6.Nf3 g6 7.Nd2 Bg7 8.e4 O-O
9.Be2 Re8 10.O-O a6 11.a4 Nbd7 12.Ra3 Rb8 13.a5 Ne5 14.f4 Neg4 15.Nc4 h5 16.h3
Nxe4 17.Nxe4 Bd4+ 18.Nf2 Qh4 19.hxg4 hxg4 20.g3 {#r} 1-0

[Event "It (open)"]
[Site "masterchessopen.com - Stillwater (USA)"]
[Date "2010.05.30"]
[Round "6"]
[White "Mitchell Jeffrey (USA)"]
[Black "Snap Charles M (USA)"]
[Result "1-0"]
[WhiteElo "2089"]
[BlackElo "1644"]

1.d4 c5 2.Nf3 Nf6 3.c4 e6 4.d5 exd5 5.cxd5 d6 6.Nc3 g6 7.e4 Bg7 8.Be2 O-O
9.O-O Re8 10.Nd2 Qe7 11.f4 Nfd7 12.a4 Bd4+ 13.Kh1 f5 14.Bf3 Nf6 15.Re1 Ng4
16.Bxg4 fxg4 17.Nc4 g3 18.h3 Bf2 19.e5 Bxe1 20.Qxe1 dxe5 21.fxe5 Qh4 22.Qe4
Rf8 23.Be3 Qxe4 24.Nxe4 b6 25.a5 Bb7 26.Nf6+ Kg7 27.axb6 axb6 28.Rxa8 Bxa8
29.Nxb6 Na6 30.d6 h6 31.Kg1 Rb8 32.d7 Rd8 33.Ne8+ Kf7 34.Bxh6 Rxe8 35.dxe8=Q+
Kxe8 36.Nxa8 {#r} 1-0

[Event "Ch Switzerland (team) 2010"]
[Site "masterchessopen.com - Switzerland"]
[Date "2010.06.13"]
[Round "4"]
[White "Huss Andreas (SUI)"]
[Black "Herzog Martin (SUI)"]
[Result "1-0"]
[WhiteElo "2298"]
[BlackElo "2161"]

1.d4 Nf6 2.c4 e6 3.Nf3 c5 4.d5 exd5 5.cxd5 d6 6.Nc3 g6 7.e4 Bg7 8.Be2 O-O
9.O-O Re8 10.Nd2 a6 11.a4 Nbd7 12.Qc2 b6 13.f4 Rb8 14.Nc4 Nf8 15.f5 gxf5
16.exf5 b5 17.axb5 axb5 18.Nxd6 Qxd6 19.Bf4 Re5 20.Nxb5 Rxb5 21.Bxb5 Qxd5
22.Bxe5 Qxe5 23.Rae1 Qd4+ 24.Kh1 Bb7 25.Bc4 Ng4 26.Qe2 Ne5 27.b3 Bf6 28.Rd1
Qh4 29.Bd5 Bc8 30.h3 Qg5 31.Qd2 Ba6 32.Qxg5+ Bxg5 33.Rf2 Kg7 34.Ra2 Bd3 35.g4
Nfd7 36.Ra7 Be2 37.Re1 Bd3 38.Bxf7 Kxf7 39.Rxe5 Bb5 40.Rxc5 Be3 41.Rxb5 {#r}
1-0

[Event "Ch Paraguay"]
[Site "masterchessopen.com - Asuncion (Paraguay)"]
[Date "2010.06.19"]
[Round "4"]
[White "Goiriz Y Damian (PAR)"]
[Black "Diaz Fernando (PAR)"]
[Result "1-0"]
[WhiteElo "2106"]
[BlackElo "2038"]

1.d4 Nf6 2.c4 g6 3.Nc3 Bg7 4.e4 d6 5.Be2 O-O 6.Nf3 c5 7.d5 e6 8.O-O exd5
9.cxd5 Re8 10.Nd2 Nbd7 11.Re1 Ne5 12.h3 g5 13.Nc4 Nxc4 14.Bxc4 Nd7 15.g3 Ne5
16.Bf1 g4 17.hxg4 Bxg4 18.Be2 Bxe2 19.Qxe2 c4 20.Kg2 Nd3 21.Rh1 Qf6 22.Be3
Nxb2 23.Qxb2 Qxc3 24.Qxc3 Bxc3 25.Rac1 Ba5 26.Rxc4 b5 27.Rc6 Bb4 28.Rh4 a5
29.Rg4+ Kf8 30.Rc7 {#r} 1-0

[Event "Tournament (open)"]
[Site "masterchessopen.com - Fabriano (Italy)"]
[Date "2010.06.20"]
[Round "1"]
[White "Gromovs Sergejs (ITA)"]
[Black "Marsili Riccardo (ITA)"]
[Result "1-0"]
[WhiteElo "2304"]
[BlackElo "1931"]

1.d4 Nf6 2.Nf3 c5 3.d5 d6 4.c4 g6 5.Nc3 Bg7 6.e4 O-O 7.Be2 e6 8.O-O exd5
9.cxd5 Re8 10.Nd2 a6 11.a4 b6 12.f4 Ra7 13.Bf3 Rae7 14.Nc4 h5 15.h3 Nh7 16.Ra3
Bd4+ 17.Kh1 Nf6 18.e5 dxe5 19.fxe5 Bxe5 20.Nxe5 Rxe5 21.Bf4 Nbd7 22.Bxe5 Nxe5
23.Re1 Bf5 24.Ra1 Qd6 25.Be2 Qd7 26.Bf1 Kg7 27.Qd2 Qd6 28.Qf4 Nxd5 29.Nxd5
Qxd5 30.Rad1 Qe6 31.Bxa6 f6 32.Bb5 Re7 33.Bc4 Qc8 34.Rd6 Qc7 35.Red1 Nxc4
36.Qxc4 Qb7 37.Qh4 Rf7 38.Rf1 Qc7 39.Qf4 Qb7 40.Kg1 Qc7 41.Rfd1 Qb7 42.Qc4 Re7
43.Qc3 Rf7 44.Qb3 Re7 45.Rxb6 Qe4 46.Qc3 Qe2 47.Qxf6+ Kh7 48.Rf1 Qe3+ 49.Kh2
Qe2 50.Rxf5 gxf5 51.Qg6+ {#r} 1-0

[Event "Tournament (Elo)"]
[Site "masterchessopen.com - Ribeirao Preto (Brazil)"]
[Date "2010.08.07"]
[Round "6"]
[White "Name Gabriel (BRA)"]
[Black "Brandao Renan Alves (BRA)"]
[Result "1-0"]
[WhiteElo "2153"]
[BlackElo "2043"]

1.d4 Nf6 2.c4 e6 3.Nc3 c5 4.d5 exd5 5.cxd5 d6 6.Nf3 g6 7.Nd2 Bg7 8.e4 O-O
9.Be2 Re8 10.O-O Nbd7 11.f4 Re7 12.Bf3 Ne8 13.a4 a6 14.Ra3 Qc7 15.Qc2 Rb8
16.a5 b5 17.axb6 Nxb6 18.b3 c4 19.b4 Nd7 20.Na2 Nb6 21.Bb2 c3 22.Bxc3 Nc4
23.Nxc4 Qxc4 24.Qd2 Bxc3 25.Rxc3 Qb5 26.Rfc1 Bd7 27.Qd4 Qa4 28.Qa7 {#r} 1-0

[Event "Ch Romania (team)"]
[Site "masterchessopen.com - Baile Herculane (Romania)"]
[Date "2010.09.08"]
[Round "5"]
[White "Mateuta Gabriel (ROM)"]
[Black "Valeanu Eduard-Andrei (ROM)"]
[Result "1-0"]
[WhiteElo "2503"]
[BlackElo "2483"]

1.d4 c5 2.d5 Nf6 3.c4 e6 4.Nc3 exd5 5.cxd5 d6 6.Nf3 g6 7.Nd2 Bg7 8.e4 O-O
9.Be2 Re8 10.O-O a6 11.a4 Nbd7 12.Qc2 Ne5 13.Re1 g5 14.Nf1 h6 15.Ng3 Rb8
16.Bd2 c4 17.Nd1 b5 18.axb5 axb5 19.Ba5 Qe7 20.Bb4 Ng6 21.Bf1 Ng4 22.Nf5 Bxf5
23.exf5 N6e5 24.h3 Nf6 25.Ne3 Ra8 26.Rxa8 Rxa8 27.b3 Rc8 28.bxc4 bxc4 29.Qa2
Qc7 30.Qa6 Bf8 31.Ba5 Qb8 32.Nxc4 Nxd5 33.Nxe5 dxe5 34.Bc4 Qa8 35.Rxe5 Qxa6
36.Bxa6 Ra8 37.Rxd5 Rxa6 38.g4 Rd6 39.Rb5 Be7 40.Kg2 Bf6 41.Rb8+ Kg7 42.Bb4
Rd7 43.Bf8+ Kh7 44.Rb6 Bg7 45.Bd6 Bd4 46.Rc6 Kg7 47.f4 f6 48.Kf3 Kf7 49.Ke4
Bb2 50.Bc5 Rb7 51.Rc8 Rd7 52.Rf8+ Kg7 53.Rb8 Bc1 54.fxg5 hxg5 55.Rb6 Bf4
56.Bd4 Rf7 57.h4 Bd2 58.h5 Bf4 59.Re6 Rf8 60.h6+ Kxh6 61.Bxf6 Ra8 62.Bxg5+
Kxg5 63.Rg6+ Kh4 64.Kxf4 Ra4+ 65.Ke5 Ra5+ 66.Ke6 Kg3 67.f6 Kf4 68.Kf7 {#r} 1-0

[Event "Tournament (open) (under 2200)"]
[Site "masterchessopen.com - Bauru (Brazil)"]
[Date "2010.09.18"]
[Round "3"]
[White "Moreira Ronaldo Alonso (BRA)"]
[Black "Pires Marcos Vinicius Tor"]
[Result "0-1"]
[WhiteElo "2033"]
[BlackElo "2119"]

1.d4 c5 2.d5 Nf6 3.c4 e6 4.Nc3 exd5 5.cxd5 d6 6.e4 g6 7.Be2 Bg7 8.Nf3 O-O
9.Nd2 Re8 10.O-O Nbd7 11.Qc2 a6 12.a4 Ne5 13.h3 g5 14.Nf3 Nxf3+ 15.Bxf3 g4
16.hxg4 Nxg4 17.g3 Qf6 18.Bf4 Qg6 19.Kg2 Ne5 20.Bxe5 Bxe5 21.Rh1 Rf8 22.Qd2
Bg7 23.Ne2 Bg4 24.Bxg4 Qxg4 25.Rh4 Qg6 26.Rah1 Rae8 27.f3 f5 28.Nf4 Qf6
29.exf5 Qxb2 30.Qxb2 Bxb2 31.Rxh7 b5 32.axb5 axb5 33.g4 Rf7 34.Rxf7 Kxf7
35.Ne6 b4 36.g5 Rh8 37.g6+ Ke7 38.Re1 Kf6 39.g7 Rg8 40.Re2 Bc3 41.Re4 b3 {#R}
0-1

[Event "Olympiad"]
[Site "masterchessopen.com - Khanty Mansyisk (Russia)"]
[Date "2010.09.23"]
[Round "3"]
[White "Boshku Harallamb (ALB)"]
[Black "Grebenshikov V (KAZ)"]
[Result "1-0"]
[WhiteElo "2314"]
[BlackElo "2304"]

1.d4 Nf6 2.c4 e6 3.Nc3 c5 4.d5 exd5 5.cxd5 d6 6.e4 g6 7.Nf3 Bg7 8.Be2 O-O
9.O-O Re8 10.Nd2 Nbd7 11.f3 a6 12.a4 b6 13.Nc4 Ne5 14.Ne3 h5 15.Rb1 Qc7 16.Kh1
Bd7 17.Bd2 Reb8 18.h3 Be8 19.f4 Ned7 20.Qc2 Nh7 21.Be1 Bd4 22.Bf2 Ndf6 23.Rfd1
Qe7 24.Bf3 Ra7 25.Ne2 Rc7 26.b3 b5 27.axb5 axb5 28.Qd3 Bxe3 29.Qxe3 Nf8 30.Bh4
Nxd5 31.Qf2 Nf6 32.Nc3 Qe6 33.Bxf6 Qxf6 34.Nd5 Qd8 35.Nxc7 Qxc7 36.Qd2 Ne6
37.Rbc1 {#r} 1-0

[Event "Olympiad (w)"]
[Site "masterchessopen.com - Khanty Mansyisk (Russia)"]
[Date "2010.09.28"]
[Round "7"]
[White "Cori T Deysi (PER)"]
[Black "Camacho Chardine Cheradee (PHI)"]
[Result "1-0"]
[WhiteElo "2368"]
[BlackElo "2186"]

1.d4 Nf6 2.c4 c5 3.d5 e6 4.Nc3 exd5 5.cxd5 d6 6.Nf3 g6 7.e4 Bg7 8.Nd2 O-O
9.Be2 Re8 10.O-O a6 11.a4 Nbd7 12.Qc2 Rb8 13.Ra3 Nb6 14.a5 Na8 15.Nc4 b5
16.axb6 Nxb6 17.Na5 Qc7 18.h3 c4 19.Be3 Nfd7 20.Rfa1 Ne5 21.f4 Nd3 22.Bxd3
cxd3 23.Qxd3 f5 24.e5 dxe5 25.d6 Qd7 26.Bxb6 Rxb6 27.Nc4 Rb8 28.fxe5 Bb7
29.Ra5 Kh8 30.Rc5 Qe6 31.Nd5 Rec8 32.Nc7 Qf7 33.Rf1 f4 34.Kh2 f3 35.Rxf3 Bxf3
36.Qxf3 Qg8 37.e6 Rf8 38.Qe3 Rb4 39.b3 Rfb8 40.e7 {#r} 1-0

[Event "Olympiad (w)"]
[Site "masterchessopen.com - Khanty Mansyisk (Russia)"]
[Date "2010.09.30"]
[Round "9"]
[White "Bosboom-Lanchava Tea (NED)"]
[Black "Nur Nabila Azman Hisham (MAS)"]
[Result "1-0"]
[WhiteElo "2342"]
[BlackElo "1829"]

1.d4 Nf6 2.Nf3 g6 3.c4 Bg7 4.Nc3 O-O 5.e4 c5 6.d5 d6 7.Be2 e6 8.O-O exd5
9.cxd5 Re8 10.Nd2 a6 11.a4 b6 12.f4 Qe7 13.Bf3 h5 14.Nc4 Qd8 15.h3 Nh7 16.e5
dxe5 17.d6 Ra7 18.fxe5 Be6 19.Bd5 Nd7 20.Bf4 Qh4 21.Bxe6 Rxe6 22.Qe1 Qxe1
23.Rfxe1 g5 24.Bh2 f6 25.exf6 Rxe1+ 26.Rxe1 Nhxf6 27.Ne3 Ra8 28.Nf5 Bf8 29.h4
g4 30.Bf4 Re8 31.Rd1 Kf7 32.Ng3 Kg6 33.Nd5 Bg7 34.Ne7+ Kf7 35.Ngf5 Bf8 36.b3
Bxe7 37.dxe7 Kg6 38.Ng3 Rxe7 39.Rd6 Re1+ 40.Kf2 Re8 41.Bg5 Kf7 42.Bxf6 Nxf6
43.Rxb6 Ra8 44.a5 Nd7 45.Rd6 Nf6 46.Rb6 Nd7 47.Rh6 Rb8 48.Nxh5 Rxb3 49.Rxa6 c4
50.Ra7 Ke6 51.Nf4+ Kd6 52.h5 c3 53.h6 c2 54.Ne2 Ne5 55.g3 Nd7 56.Ra8 Rf3+
57.Kg2 Nf8 58.Rc8 Rf6 59.a6 Rf7 60.a7 Rxa7 61.Rxf8 Rh7 62.Rc8 Rxh6 63.Rxc2 Rf6
64.Rc4 Rg6 65.Nc3 Rg8 66.Nd1 Rg7 67.Ne3 {#r} 1-0

[Event "Olympiad (w)"]
[Site "masterchessopen.com - Khanty Mansyisk (Russia)"]
[Date "2010.10.01"]
[Round "10"]
[White "Saleh Nora Mohd (UAE)"]
[Black "Ramirez M Eugenia (BOL)"]
[Result "0-1"]
[WhiteElo "1906"]
[BlackElo "2031"]

1.d4 Nf6 2.c4 c5 3.d5 e6 4.Nc3 exd5 5.cxd5 d6 6.e4 g6 7.Be2 Bg7 8.Nf3 O-O
9.O-O Re8 10.Nd2 Nfd7 11.Nc4 Nb6 12.Nxb6 axb6 13.Bb5 Bd7 14.Bxd7 Qxd7 15.Re1
b5 16.a4 Bxc3 17.bxc3 Rxa4 18.Rxa4 bxa4 19.c4 Na6 20.Bb2 Nb4 21.Bf6 h5 22.Qd2
Kh7 23.f4 b5 24.f5 bxc4 25.g4 Nd3 26.Re3 Qb5 27.gxh5 Qb1+ 28.Kg2 Nf4+ 29.Kf2
Nxh5 30.Bb2 Rxe4 31.Rxe4 Qxe4 32.fxg6+ Kxg6 33.Qd1 Qf5+ 34.Ke1 Nf4 35.Bc1 Nd3+
36.Kd2 Qf4+ {#R} 0-1